000 00881nam a22002417a 4500
999 _c60744
_d60744
005 20231018161018.0
008 231018s1989ru xxu||||| |||| 00| 0 rus d
020 _a 5250003796
041 _arus
080 _a2-9:930.85 Т-96
100 _a ТАЙЛОР, ЭДУАРД БЕРНЕТТ.
_920108
245 _aПервобытная культура /
_c Э. Б. Тайлор.
264 _aМосква :
_bПолитиздат,
_c1989.
300 _a572, [2] c.
_b20 см.
653 _aПервобытная культура
653 _aистория религии, религия,
653 _a история культуры,
653 _aпервобытная культура,
653 _a происхождение религии
653 _aრელიგია
653 _aისტორია, კულტურა
942 _2udc
_cBK